The American Boy's Handy Book : (Record no. 586411)

MARC details
000 -LEADER
fixed length control field 00496nam a2200193 a 4500
008 - FIXED-LENGTH DATA ELEMENTS--GENERAL INFORMATION
fixed length control field 250910s2003##################000#0#eng##
020 ## - INTERNATIONAL STANDARD BOOK NUMBER
ISBN 9780486431383
082 04 - DEWEY DECIMAL CLASSIFICATION NUMBER
Classification number 790.194
Item number BEA
100 1# - MAIN ENTRY--AUTHOR NAME
Personal name Beard, Daniel Carter,
245 10 - TITLE STATEMENT
Title The American Boy's Handy Book :
260 ## - PUBLICATION, DISTRIBUTION, ETC. (IMPRINT)
Name of publisher Courier Corporation,
Year of publication 2003.
300 ## - PHYSICAL DESCRIPTION
Number of Pages 468 pages
650 #0 - SUBJECT ADDED ENTRY--TOPICAL TERM
Topical Term Juvenile Nonfiction.
942 ## - ADDED ENTRY ELEMENTS (KOHA)
Koha item type English Books
Holdings
Withdrawn status Lost status Damaged status Not for loan Home library Current library Shelving location Date acquired Full call number Accession Number Price effective from Koha item type
        Anna Centenary Library Anna Centenary Library 6TH FLOOR, B WING 10.09.2025 790.194 BEA 385548 10.09.2025 English Books
        Anna Centenary Library Anna Centenary Library 6TH FLOOR, B WING 10.09.2025 790.194 BEA 385547 10.09.2025 English Books

Find us on the map